|
|
|
|
| LEADER |
01488nam a2200265 a 4500 |
| 001 |
0020436 |
| 003 |
BD-DhAAL |
| 008 |
100610s1999 njua 000 0 eng d |
| 010 |
|
|
|a \\\98025085
|
| 020 |
|
|
|a 0139157379
|
| 040 |
|
|
|a DLC
|c DLC
|d DLC
|d BD-DhAAL
|
| 082 |
0 |
0 |
|a 004.60113
|2 21
|
| 100 |
1 |
|
|a Katzela, Irene.
|9 58987
|
| 245 |
1 |
0 |
|a Modeling and simulating communication networks :
|b a hands-on approach using OPNET /
|c Irene Katzela.
|
| 260 |
|
|
|a Upper Saddle River, N.J. :
|b Prentice Hall,
|c c1999.
|
| 300 |
|
|
|a viii, 116 p. :
|b ill. ;
|c 24 cm +
|e 1 computer laser optical disc (4 3/4 in.)
|
| 541 |
1 |
|
|e 00020436
|
| 650 |
|
0 |
|a Computer networks
|x Computer simulation.
|9 58988
|
| 852 |
4 |
|
|a Ayesha Abed Library
|c General Stacks
|
| 942 |
|
|
|2 ddc
|c BK
|
| 999 |
|
|
|c 8890
|d 8890
|
| 952 |
|
|
|0 0
|1 0
|2 ddc
|4 0
|6 004_601130000000000_KAT_1999
|7 0
|9 10870
|a BRACUL
|b BRACUL
|c GEN
|d 2010-06-10
|e Trim Education
|g 5255.00
|l 1
|o 004.60113 KAT
|p 3010020436
|r 2025-09-02
|s 2025-09-02
|t 1
|v 10510.00
|w 2010-06-10
|y BK
|
| 952 |
|
|
|0 0
|1 0
|2 ddc
|4 0
|6 004_601130000000000_KAT_1999
|7 0
|9 10871
|a BRACUL
|b BRACUL
|c GEN
|d 2010-06-10
|e Trim Education
|g 5255.00
|l 1
|m 19
|o 004.60113 KAT
|p 3010020437
|r 2022-05-17
|s 2020-01-20
|t 2
|v 10510.00
|w 2010-06-10
|y BK
|
| 952 |
|
|
|0 0
|1 0
|2 ddc
|4 0
|6 004_601130000000000_KAT
|7 0
|9 20426
|a BRACUL
|b BRACUL
|c AV
|d 2010-06-10
|l 0
|o 004.60113 KAT
|p 4010020436
|r 2012-06-04
|t 1
|w 2012-06-04
|y AV
|
| 952 |
|
|
|0 0
|1 0
|2 ddc
|4 0
|6 004_601130000000000_KAT
|7 0
|9 20427
|a BRACUL
|b BRACUL
|c AV
|d 2010-06-10
|l 0
|o 004.60113 KAT
|p 4010020437
|r 2012-06-04
|t 2
|w 2012-06-04
|y AV
|